Statistics for Island Countries of Asia

Click here to take the quiz!

General Stats

  • This quiz has been taken 73 times
  • The average score is 10 of 11

Answer Stats

Country% Correct
Japan
100%
Sri Lanka
100%
Brunei
94%
Philippines
94%
Singapore
94%
Indonesia
93%
Maldives
93%
Taiwan
91%
East Timor
87%
Bahrain
84%
Cyprus
76%

Score Distribution

Percentile by Number Answered

Percent of People with Each Score

Your Score History

You have not taken this quiz